00486 a2200121 4500001001000000005001700010008004100027245014600068100003300214700002400247700004200271773005100313ART_4667420260410162039.0260409a 10aEstimación de los factores condicionantes de la adquisición de competencias académicas en América Latina en presencia de endogeneidad1 aCastro Aristizabal, Geovanny1 aGiménez, Gregorio1 aPérez Ximénez De Embún, Domingo0 tRevista Cepalg- Nº 124 (abr. 2018)wREV45125